000 00444nam a22001697a 4500
003 CEME
005 20210628202514.0
008 210316b xxu||||| |||| 00| 0 eng d
020 _a0-201-59098-0
040 _c.
082 _a005.75 MOD'K
100 _aKim, Won
_960210
245 _aModern database systems the object model, interoperability and beyond
260 _aNEWYORK
_bADDISON - WISLEY
_c1995
300 _a705P
942 _cBK
_2ddc
999 _c570001
_d570001